000 01390cam a22002054a 4500
005 20250605164035.0
008 250528s ||||||||||||||||||||||||d
035 _a16800
020 _a321047095
040 _aGR-AtMCL
_bgre
_dGR-AtMCL
_eAACR2
245 1 _aThe Developing Child / Ninth Edition
250 _a9th
260 _bAllyn And Bacon,
_c2000
300 _a580
520 _aThis book allows students to understand how theory and research are interconnected and how they apply to everyday life. Introduction, Basic Questions, The Beginnings of Life, Prenatal Development, Birth and the Newborn Child, The Physical Child, Physical Development, Perceptual Development, The Thinking Child, Cognitive Development I: Structure and Process, Cognitive Development II: Individual Difference in Cognitive Abilities, The Development of Language, The Social Child, Personality Development: Alternative Views, The Concept of Self in Children, The Development of Social Relationships, Thinking About Relationships: The Development of Social Cognition, The Whole Child, The Ecology of Development: The Child Within the Family System, Beyond the Family: The Impact of the Broader Culture, Atypical Development, Putting It All Together: The Developing Child, Glossary, References, Name and Subject Index.
700 1 _aBee Helen
_92896
942 _cBK
999 _c2263
_d2263